| 000 | 00620nam a2200217 i 4500 | ||
|---|---|---|---|
| 001 | bgj | ||
| 100 | 1 | _aWEISGERBER, Leo. | |
| 245 | 1 | 0 |
_aDie vier Stufen in der Erforschung der Sprachen / _cLeo Weisgerber. |
| 260 |
_aDüsseldorf : _bPädagogischer Verlag Schwann, _c1963. |
||
| 300 |
_a303 s. : _bil. ; _c24 cm. |
||
| 490 | 1 |
_aSprache und Gemeinschaft _pGrundlegung _vBd. 2 |
|
| 504 | _aIndeks. | ||
| 650 | 9 | _aJęzykoznawstwo | |
| 830 |
_aSprache und Gemeinschaft _pGrundlegung |
||
| 040 | _cBPK | ||
| 041 | 0 | _ager | |
| 044 | _aDEU | ||
| 080 | _a81'1 | ||
| 942 | _cKS | ||
| 008 | s gw f |000 0 ger | ||
| 999 |
_c50681 _d50681 |
||